|
|
|
|
| LEADER |
02097nam a2200529 a 4500 |
| 001 |
nkc20051632449 |
| 003 |
CZ PrNK |
| 005 |
20060112104929.0 |
| 007 |
ta |
| 008 |
051123s2005 xr f m 000 0 cze |
| 015 |
|
|
|a cnb001632449
|
| 020 |
|
|
|a 80-01-03363-5
|q (brož.)
|
| 035 |
|
|
|a (OCoLC)85165246
|
| 040 |
|
|
|a BOA001
|b cze
|d ABA001
|
| 041 |
0 |
|
|a cze
|b eng
|
| 043 |
|
|
|a e-xr---
|
| 072 |
|
7 |
|a 71
|x Územní plánování. Urbanismus. Památková péče
|2 Konspekt
|9 21
|
| 080 |
|
|
|a 711
|2 MRF
|
| 080 |
|
|
|a 71
|2 MRF
|
| 080 |
|
|
|a (437.3)
|2 MRF
|
| 080 |
|
|
|a (043.5:042.3)
|2 MRF
|
| 100 |
1 |
|
|a Koucký, Roman,
|d 1959-
|7 jn20001005287
|4 aut
|
| 245 |
1 |
0 |
|a Elementární.urbanismus =
|b Elementary.urbanism /
|c Roman Koucký
|
| 246 |
3 |
1 |
|a Elementary.urbanism
|
| 260 |
|
|
|a V Praze :
|b České vysoké učení technické,
|c 2005
|
| 300 |
|
|
|a 24 s. ;
|c 21 cm
|
| 490 |
1 |
|
|a Habilitační přednášky ;
|v 28/2005
|
| 500 |
|
|
|a Nad názvem: České vysoké učení technické v Praze, Fakulta architektury
|
| 500 |
|
|
|a 150 výt.
|
| 504 |
|
|
|a Obsahuje bibliografii
|
| 546 |
|
|
|a Anglické resumé
|
| 650 |
0 |
7 |
|a urbanismus
|7 ph116541
|z Česko
|2 czenas
|
| 650 |
0 |
7 |
|a územní plánování
|7 ph128364
|z Česko
|2 czenas
|
| 650 |
0 |
9 |
|a city planning
|z Czechia
|2 eczenas
|
| 650 |
0 |
9 |
|a town and country planning
|z Czechia
|2 eczenas
|
| 655 |
|
7 |
|a habilitační přednášky
|7 fd187328
|2 czenas
|
| 655 |
|
9 |
|a habilitation lectures
|2 eczenas
|
| 710 |
2 |
|
|a České vysoké učení technické v Praze.
|b Fakulta architektury
|7 kn20010710176
|
| 810 |
2 |
|
|a České vysoké učení technické v Praze.
|t Habilitační přednášky
|0 s
|
| 856 |
4 |
1 |
|u http://www.digitalniknihovna.cz/mzk/uuid/uuid:5e776490-9d9c-11e5-ada6-005056827e51
|y Digitalizovaný dokument
|x NDK
|
| 910 |
2 |
|
|a BOA001
|b 2-1160.612
|
| 928 |
9 |
|
|a Vydavatelství ČVUT
|
| 990 |
|
|
|a BK
|
| 995 |
|
|
|a 01
|
| 991 |
|
|
|b 200512
|c NOV
|
| 996 |
6 |
|
|b 2610266157
|c 2-1160.612
|l MZK
|r Sklad / do 1 hodiny
|n 5
|p p.v.
|w 000798965
|u 000010
|a 1
|e BOA001
|j MZK50
|s P
|
| 996 |
7 |
|
|b 2610266158
|c 2-1160.612
|l MZK
|r Sklad / do 1 hodiny
|n 26
|p p.v.
|w 000798965
|u 000020
|a 1
|e BOA001
|j MZK50
|s A
|